[Event "8th Valle d'Aosta Open"]
[Site "Saint Vincent ITA"]
[Date "2000.02.15"]
[Round "4"]
[White "Baburin,A"]
[Black "Miladinovic,I"]
[Result "1/2-1/2"]
[WhiteElo "2591"]
[BlackElo "2538"]

1.d4 d5 2.c4 Nc6 3.Nc3 Nf6 4.Nf3 dxc4 5.e4 Bg4 6.d5 Ne5 7.Bf4 Ng6 8.Be3 e5
9.Bxc4 a6 10.O-O Bd6 11.Be2 Bd7 12.Nd2 b5 13.a4 Rb8 14.axb5 axb5 15.Qb3 b4
16.Na4 Ng4 17.Bxg4 Bxg4 18.f3 Bd7 19.Nc5 Bb5 20.Rfc1 Nf4 21.Bxf4 exf4 22.Qxb4 O-O
23.Ndb3 Be5 24.Nd4 Be8 25.Qd2 c6 26.Ndb3 cxd5 27.exd5 f6 28.Kh1 Bf7 29.Rd1 Qb6
30.Ra6 Qb5  1/2-1/2

[Event "Jersey Open"]
[Site "St Helier JCI"]
[Date "2000.02.20"]
[Round "1"]
[White "Ward,C"]
[Black "Keeling,G"]
[Result "1-0"]
[WhiteElo "2509"]
[BlackElo "2075"]

1.d4 d5 2.c4 Nc6 3.Nc3 Nf6 4.cxd5 Nxd5 5.e4 Nxc3 6.bxc3 e5 7.d5 Nb8 8.Nf3 Bd6
9.Be2 O-O 10.O-O Nd7 11.Nd2 Nc5 12.Bg4 Qh4 13.Bxc8 Raxc8 14.Qe2 f5 15.g3 Qh3
16.f3 fxe4 17.Nxe4 Nxe4 18.Qxe4 Rf5 19.Be3 Rcf8 20.Rf2 h5 21.Raf1 R5f6 22.c4 b6
23.Rg2 Qf5 24.Qxf5 Rxf5 25.Rgf2 h4 26.g4 R5f7 27.Kg2 Kh7 28.Kh3 Kg6 29.Kxh4 Rh8+
30.Kg3 Be7 31.Re2 Bh4+ 32.Kg2 Be7 33.Bf2 Bd6 34.Bg3 Kf6 35.Rfe1 Re7 36.f4 Bb4
37.fxe5+ Kg5 38.Rb1 Bc5 39.Re4 Rf8 40.h4+ Kg6 41.Rf1 Rfe8 42.e6  1-0

[Event "16th open"]
[Site "Cappelle La Grande FRA"]
[Date "2000.02.22"]
[Round "5"]
[White "Zimmerman,Y"]
[Black "Bouton,C"]
[Result "1-0"]
[WhiteElo "2397"]
[BlackElo "2174"]

1.d4 d5 2.c4 Nc6 3.Nc3 dxc4 4.d5 Na5 5.Qa4+ c6 6.b4 b5 7.Qxa5 Qxa5 8.bxa5 b4
9.Na4 cxd5 10.e4 e6 11.Be3 Bd7 12.Nc5 Bc6 13.exd5 Bxd5 14.Nf3 Rb8 15.Be2 Nf6
16.Rc1 Ng4 17.Na6 Nxe3 18.Nxb8 Nxg2+ 19.Kf1 Nf4 20.Rxc4 Nxe2 21.Rc8+ Ke7
22.Kxe2  1-0

[Event "Oz.com qualifier blitz"]
[Site "Internet ICC"]
[Date "2000.03.05"]
[Round "2"]
[White "Halldorsson,G"]
[Black "Oliveira,L"]
[Result "1-0"]
[WhiteElo "2275"]
[BlackElo "2166"]

1.d4 d5 2.c4 Nc6 3.Nc3 dxc4 4.d5 Ne5 5.e4 e6 6.Bf4 Ng6 7.Bg3 e5 8.Bxc4 Bd6
9.Nge2 Nf6 10.Bb5+ Kf8 11.f3 Nh5 12.Bf2 Nhf4 13.g3 Nh3 14.Be3 Qf6 15.Rf1 Ng5
16.Ng1 h5 17.Qd2 Nh7 18.O-O-O a6 19.Bd3 h4 20.f4 hxg3 21.hxg3 Kg8 22.f5 Ne7
23.g4 Bb4 24.Nge2 Qd6 25.g5 Nf8 26.Rh1 Rxh1 27.Rxh1 Nd7 28.Ng3 Bxc3 29.bxc3 Qa3+
30.Kb1 Nc5 31.Qh2 Kf8 32.Bc2 Na4 33.Bxa4 Qxa4 34.Qh8+ Ng8 35.Bc5+  1-0

[Event "Oz.com qualifier blitz"]
[Site "Internet ICC"]
[Date "2000.03.05"]
[Round "6"]
[White "Volkov,S"]
[Black "Ferron Garcia,C"]
[Result "1-0"]
[WhiteElo "2582"]
[BlackElo "2199"]

1.d4 d5 2.c4 Nc6 3.Nc3 dxc4 4.d5 Na5 5.Qa4+ c6 6.b4 b5 7.Qxa5 Qxa5 8.bxa5 b4
9.Nd1 cxd5 10.e4 e6 11.Be3 Be7 12.exd5 exd5 13.Bd4 Bf6 14.Nf3 Bf5 15.Ne3 Be4
16.Rd1 h6 17.Be2 a6 18.O-O Rc8 19.Rfe1 Rc6 20.Ne5 Re6 21.f3 Bh7 22.Nxd5 Bxe5
23.Bxe5 Rxe5 24.Bxc4 Rxe1+ 25.Rxe1+ Kd7 26.Nb6+ Kc6 27.Re8 Bg6 28.Bxa6 h5
29.Bc4 h4 30.Nd5 Kc5 31.a6 Kxc4 32.a7 Rh5 33.Ne3+  1-0

[Event "Oz.com qualifier blitz"]
[Site "Internet ICC"]
[Date "2000.03.05"]
[Round "9"]
[White "Albarran,G"]
[Black "Oliveira,L"]
[Result "1/2-1/2"]
[WhiteElo "2192"]
[BlackElo "2166"]

1.d4 d5 2.c4 Nc6 3.e3 e5 4.dxe5 dxc4 5.Qxd8+ Kxd8 6.f4 Bb4+ 7.Bd2 Be6 8.Nf3 f6
9.exf6 Nxf6 10.Nc3 Ke7 11.O-O-O a6 12.a3 Bxc3 13.Bxc3 Rhd8 14.Bxf6+ Kxf6
15.Be2 b5 16.e4 Na5 17.Rxd8 Rxd8 18.Rd1 Nb3+ 19.Kc2 Rxd1 20.Kxd1 Bg4 21.Kc2 Bxf3
22.Bxf3 Nd4+ 23.Kc3 Nxf3 24.gxf3 c5 25.h3 Ke6 26.a4 Kf6 27.h4 g6 28.axb5 axb5
29.Kd2 b4 30.Ke3 Ke6 31.Kd2 Kf6 32.Ke3 Ke6 33.Kd2 Kf6 34.Ke3  1/2-1/2

[Event "Dos Hermanas Qualifier"]
[Site "Internet ICC"]
[Date "2000.03.18"]
[Round "1.1"]
[White "Shipov,S"]
[Black "Ferron Garcia,C"]
[Result "1-0"]
[WhiteElo "2640"]
[BlackElo "2199"]

1.d4 d5 2.c4 Nc6 3.cxd5 Qxd5 4.e3 e5 5.Nc3 Bb4 6.Bd2 Bxc3 7.Bxc3 exd4 8.Ne2 Nf6
9.Nxd4 O-O 10.Qb3 Qxb3 11.axb3 Nxd4 12.Bxd4 Be6 13.b4 a6 14.f3 Nd5 15.Kf2 Rfd8
16.b5 axb5 17.Bxb5 c6 18.Be2 f6 19.Rhd1 Kf7 20.g3 Nb4 21.Bc3 Nd5 22.Be1 Ke8
23.e4 Ne7 24.Ke3 Rxa1 25.Rxa1 Nc8 26.Rd1 Rxd1 27.Bxd1 Nd6 28.Bc3 Kd7 29.f4 Nb5
30.Bb4 b6 31.f5 Bf7 32.Bf8 g6 33.g4 Nd6 34.b4 Nc4+ 35.Kd4 Ke8 36.Bg7 Ke7
37.h4 gxf5 38.exf5 Nd6 39.Bc2 Nb5+ 40.Ke3 Nd6 41.g5 fxg5 42.hxg5 Bg8 43.Bd4 Kd7
44.Kf4 Nc8 45.Ke5 Ke7 46.f6+ Kf8 47.Bf5 Na7 48.Bxb6 Nb5 49.Bc5+ Ke8 50.Be4 Kd7
51.g6  1-0

[Event "16th Spring Festival"]
[Site "Budapest HUN"]
[Date "2000.03.19"]
[Round "3"]
[White "Zimmerman,Y"]
[Black "Khechumyan,G"]
[Result "1-0"]
[WhiteElo "2397"]
[BlackElo "2236"]

1.d4 d5 2.c4 Nc6 3.Nc3 e6 4.Nf3 Bb4 5.cxd5 exd5 6.Bf4 Nf6 7.e3 O-O 8.Bd3 Ne7
9.Bg5 Ne4 10.Bxe4 dxe4 11.Nd2 Bxc3 12.bxc3 Re8 13.O-O Qd5 14.Bf4 c6 15.c4 Qf5
16.f3 exf3 17.Qxf3 Qd3 18.e4 Qxd4+ 19.Be3 Qf6 20.Qxf6 gxf6 21.Rxf6 Be6 22.c5 Rad8
23.Rb1 Rd3 24.Rf3 Rd7 25.Bh6 Ng6 26.Rg3 f5 27.Rf1 f4 28.Bxf4 Kg7 29.Be5+ Kg8
30.Bc3 Red8 31.h4 Rd3 32.Rff3 Rxf3 33.Nxf3 Rd3 34.Be5 Kf8 35.Bd6+ Ke8 36.h5 Ne7
37.Rg7 Nc8 38.e5 b6 39.Ng5 Bf5  1-0

[Event "Amber Blindfold"]
[Site "Monaco MNC"]
[Date "2000.03.22"]
[Round "6"]
[White "Karpov,An"]
[Black "Piket,Je"]
[Result "1/2-1/2"]
[WhiteElo "2696"]
[BlackElo "2633"]

1.d4 d5 2.c4 Nc6 3.Nf3 Bg4 4.Nc3 e6 5.cxd5 exd5 6.Bf4 Bxf3 7.gxf3 Bd6 8.Bg3 Nge7
9.e3 a6 10.a3 h5 11.Qc2 h4 12.Bxd6 Qxd6 13.f4 g6 14.Bd3 Kf8 15.Ne2 Nb8 16.Rc1 c6
17.Ng1 Nd7 18.Nf3 Rc8 19.O-O Kg7 20.Kh1 c5 21.dxc5 Nxc5 22.Qe2 Ne6 23.Rxc8 Rxc8
24.Nxh4 d4 25.Nf3 Re8 26.Nxd4 Qd5+ 27.Qf3 Nxd4 28.Qxd5 Nxd5 29.exd4 Nxf4
30.Rd1 f5 31.Kg1 Kf6 32.Bf1 g5 33.f3 Rc8 34.d5 Ke5 35.d6 Rd8 36.d7 Nd5 37.Kf2 Rxd7
38.Bc4 Nf6 39.Rxd7 Nxd7 40.Ke3 Nc5 41.f4+ gxf4+ 42.Kf3 Ne4 43.Bd3 Ng5+ 44.Kf2 Kf6
45.h4 Nf7 46.Be2 Ne5 47.b4 b5 48.Bf3 Nc4 49.Bb7 Nxa3 50.Bxa6 Nc2 51.Bxb5 Nxb4
52.Kf3 Ke5 53.Ba4 Nd5 54.h5 Nf6 55.h6 Ne4 56.Bd7 Ng5+ 57.Kf2  1/2-1/2

[Event "Open"]
[Site "Dos Hermanas ESP"]
[Date "2000.04.13"]
[Round "7"]
[White "Cifuentes Parada,R"]
[Black "Miladinovic,I"]
[Result "1-0"]
[WhiteElo "2483"]
[BlackElo "2538"]

1.d4 d5 2.c4 Nc6 3.cxd5 Qxd5 4.e3 e5 5.Nc3 Bb4 6.Bd2 Bxc3 7.Bxc3 exd4 8.Ne2 Nf6
9.Nxd4 O-O 10.Nb5 Qg5 11.h4 Qg6 12.Nxc7 Bg4 13.Bd3 Qh6 14.Qa4 Rad8 15.Bc2 Bc8
16.Rd1 Rd7 17.Rxd7 Bxd7 18.Qc4 Ng4 19.Qe4 b5 20.a3 a5 21.Nd5 b4 22.axb4 axb4
23.Bd2 Kh8 24.Qf4 Qe6 25.Nb6 f5 26.O-O Be8 27.Ra1 b3 28.Bd1 Nce5 29.Bxg4 Nxg4
30.Qb4 Rg8 31.Bc3 Bc6 32.Rd1 Qg6 33.Rd6 Qe8 34.Qc5 Qe4 35.Bxg7+ Rxg7 36.Rxc6 Nf6
37.Rc8+ Ng8 38.g3 h6 39.Qd4 Qb1+ 40.Kg2 Kh7 41.Nd5  1-0

[Event "VI Leonardo Di Bona"]
[Site "Cutro ITA"]
[Date "2000.04.28"]
[Round "2"]
[White "Ortega,Le"]
[Black "Skembris,S"]
[Result "1/2-1/2"]
[WhiteElo "2479"]
[BlackElo "2481"]

1.d4 d5 2.c4 Nc6 3.cxd5 Qxd5 4.e3 e5 5.Nc3 Bb4 6.Bd2 Bxc3 7.Bxc3 exd4 8.Ne2 Nf6
9.Nxd4 O-O 10.Nb5 Qg5 11.h4 Qh6 12.Qf3 Bg4 13.Qg3 Rad8 14.Bc4 a6  1/2-1/2

[Event "VI Leonardo Di Bona"]
[Site "Cutro ITA"]
[Date "2000.04.30"]
[Round "4"]
[White "Abatino,M"]
[Black "Miladinovic,I"]
[Result "0-1"]
[WhiteElo "2248"]
[BlackElo "2538"]

1.d4 d5 2.c4 Nc6 3.Nc3 Nf6 4.Nf3 dxc4 5.h3 e6 6.e3 Bd6 7.Bxc4 O-O 8.O-O e5
9.d5 Ne7 10.e4 a6 11.a3 Ng6 12.Ba2 h6 13.Be3 Nh7 14.Bb1 Qf6 15.Re1 Nf4 16.Bxf4 Qxf4
17.Ne2 Qf6 18.Ng3 g6 19.Bd3 Kg7 20.Rc1 Bd7 21.Qe2 Ng5 22.Nd2 h5 23.Nc4 Be7
24.Ne3 Bd8 25.Rc3 c6 26.Rec1 h4 27.Ngf1 Qf4 28.dxc6 bxc6 29.Rc4 a5 30.Nh2 Bb6
31.Nhg4 Ne6 32.Qf3 Qxf3 33.gxf3 Bd4 34.R1c2 c5 35.Rd2 Rab8 36.Nd1 Bb5 37.Rc1 Bxd3
38.Rxd3 Nf4 39.Rd2 Nxh3+ 40.Kh2 Ng5 41.Kg2 h3+ 42.Kg3 f5 43.exf5 gxf5 44.Nh2 Kf6  0-1

[Event "Ivan Cvitanovic Mem"]
[Site "Split CRO"]
[Date "2000.05.03"]
[Round "5"]
[White "Muse,M"]
[Black "Ljubicic,F"]
[Result "1-0"]
[WhiteElo "2478"]
[BlackElo "2372"]

1.d4 d5 2.c4 Nc6 3.cxd5 Qxd5 4.e3 e5 5.Nc3 Bb4 6.Bd2 Bxc3 7.Bxc3 exd4 8.Ne2 Nge7
9.Nxd4 Nxd4 10.Qxd4 Qxd4 11.Bxd4 O-O 12.Bc4 Re8 13.Rd1 Nc6 14.Bb5 Be6 15.Bxc6 bxc6
16.a3 a5 17.Rc1 Bd5 18.f3 Rab8 19.Kf2 f5 20.h3 Rf8 21.h4 h5 22.Kg3 Kf7 23.Kf4 Kg6
24.Rc2 Ra8 25.Rhc1 Ra6 26.Rc5 a4 27.Be5 Rf7 28.Bxc7 Re7 29.Be5 Rf7 30.Rd1 Ra8
31.Rd4 Ra6 32.Rb4 Be6 33.Bc3 Bd5 34.Rb8 Raa7 35.Rd8 Rfe7 36.Rd6+ Kf7 37.Bd4 Red7
38.Rxd7+ Rxd7 39.Kxf5 Rd6 40.Ra5 Be6+ 41.Kf4 Bd7 42.Rxh5 Rh6 43.Rxh6 gxh6
44.h5 Bc8 45.g4 Ba6 46.g5 hxg5+ 47.Kxg5 Kg8 48.Kg6 Bc4 49.e4 Bf7+ 50.Kg5 Bc4
51.f4  1-0

[Event "Open"]
[Site "Dubai UAE"]
[Date "2000.05.05"]
[Round "7"]
[White "Kusnetsov,K"]
[Black "Othman,R"]
[Result "1-0"]
[WhiteElo "2245"]
[BlackElo "2095"]

1.d4 d5 2.c4 Nc6 3.Nc3 e6 4.Nf3 Nf6 5.Bg5 Be7 6.e3 h6 7.Bh4 a6 8.Rc1 O-O
9.a3 Ne4 10.Bxe7 Qxe7 11.Nxe4 dxe4 12.Nd2 f5 13.Be2 Qg5 14.O-O Ne7 15.Rc3 Bd7
16.b4 a5 17.f3 axb4 18.axb4 Ba4 19.Qe1 Bc6 20.b5 exf3 21.Bxf3 Bxf3 22.Nxf3 Qh5
23.Qg3 Rfc8 24.Qe5 Qf7 25.Qc5 Qe8 26.Ne1 Ra4 27.Qe5 Qd7 28.Nd3 Qd6 29.Nc5 Qxe5
30.dxe5 Ra7 31.Nxe6 Kf7 32.Nd4 Kg6 33.e4 fxe4 34.Rg3+ Kh7 35.Rf7 Ra1+ 36.Kf2 Ra2+
37.Ke3 Ra3+ 38.Kxe4 Rxg3 39.hxg3 Ng8 40.Nf5  1-0

[Event "Open"]
[Site "Dubai UAE"]
[Date "2000.05.07"]
[Round "9"]
[White "Magerramov,E"]
[Black "Al Modiahki,M"]
[Result "1/2-1/2"]
[WhiteElo "2562"]
[BlackElo "2538"]

1.d4 d5 2.c4 Nc6 3.Nc3 dxc4 4.Nf3 Nf6 5.e4 Bg4 6.Be3 e6 7.Bxc4 Bb4 8.Qc2 O-O
9.Rd1 Bxf3 10.gxf3 Nh5 11.e5 Ne7 12.O-O c6 13.Bg5 h6 14.Bc1 Nd5 15.Ne2 Qh4
16.Qe4 Be7 17.Bd3 f5 18.exf6 Qxf6 19.Qg4 Qxf3 20.Qxe6+ Qf7 21.Qe4 Nhf6 22.Qg2 Kh8
23.Bg6 Qe6 24.Ng3 Nh7 25.Bb1 Ng5 26.Rde1 Qh3 27.f4 Qxg2+ 28.Kxg2 Nh7 29.a3 Bf6
30.Nf5 Rad8 31.Kg3 Rd7 32.Re2 Rfd8 33.Rfe1 Nf8 34.Bd2 Kg8 35.Kf3 Nc7 36.Bb4 Nd5
37.Bc5 b6 38.Bxf8 Kxf8 39.Re6 Ne7 40.Nxh6 Bxd4 41.Nf5 Bf6 42.b3 c5 43.a4 Kf7
44.h4 Nxf5 45.Bxf5 g6 46.Bb1 Rd1 47.R6e2 Bxh4 48.Rxd1 Rxd1 49.Bc2 Rd6 50.Re3 g5  1/2-1/2

[Event "ch-CZE"]
[Site "Opava CZE"]
[Date "2000.05.30"]
[Round "9"]
[White "Belunek,V"]
[Black "Babula,V"]
[Result "1-0"]
[WhiteElo "2272"]
[BlackElo "2573"]

1.d4 d5 2.c4 Nc6 3.Nf3 Bg4 4.cxd5 Bxf3 5.gxf3 Qxd5 6.e3 e5 7.Nc3 Bb4 8.Bd2 Bxc3
9.bxc3 exd4 10.cxd4 Nge7 11.Be2 O-O 12.O-O Ng6 13.Kh1 Rfe8 14.Bc3 Rad8 15.Qb3 Qh5
16.Qxb7 Nce7 17.Rg1 Nd5 18.Rac1 Ngf4 19.Qb5 c6 20.Qc4 Nh3 21.Rg2 Rd6 22.f4 Qh4
23.Be1 Rde6 24.f5 Rh6 25.Bf3 Ne7 26.d5 Qxc4 27.Rxc4 cxd5 28.Rc7 d4 29.Bd2 dxe3
30.Bxe3 Nxf5 31.Bd5 Nxe3 32.fxe3 Rf6 33.Rg3 Nf2+ 34.Kg2 Nd1 35.e4 Rb8 36.Rb3 Rf8
37.Rf3 h5 38.Rxf6 gxf6 39.Kf3 Nb2 40.Rxa7 Nd3 41.a4 Kg7 42.a5 Rb8 43.Rxf7+ Kg6
44.Rb7 Rc8 45.a6 Ne5+ 46.Ke2 Rc2+ 47.Kd1 Rxh2 48.a7  1-0

[Event "Bank Pocztowy Open"]
[Site "Bydgoszcz POL"]
[Date "2000.06.04"]
[Round "7"]
[White "Kludacz,M"]
[Black "Mazalon,M"]
[Result "1-0"]
[WhiteElo "2261"]
[BlackElo "2207"]

1.d4 d5 2.c4 Nc6 3.cxd5 Qxd5 4.e3 e5 5.Nc3 Bb4 6.Bd2 Bxc3 7.bxc3 Qd6 8.Bd3 Nf6
9.f3 O-O 10.Ne2 Re8 11.O-O Rb8 12.a4 a5 13.Qe1 exd4 14.exd4 Be6 15.Bg5 Nd5
16.Qh4 g6 17.Rac1 Nb6 18.Nf4 Bc4 19.Bxc4 Nxc4 20.Rfe1 Nb6 21.Re4 Rxe4 22.fxe4 Nxd4
23.cxd4 Qxd4+ 24.Kh1 Qxe4 25.Bh6 Re8 26.h3 c6 27.Qf2 Nxa4 28.Rd1 Nc3 29.Qb2 Qb4
30.Qa1 a4 31.Rc1 a3 32.Rxc3 Qb2 33.Rc1 b5 34.Qxb2 axb2 35.Rb1 f5 36.Rxb2 Kf7
37.g3 Re4 38.Kg2 Kf6 39.Kf3 Rc4 40.Kf2 g5 41.Nd3 Rc3 42.Ke2 Kg6 43.Bf8 Kh5
44.Kd2 Rc4 45.Rc2 f4 46.Rxc4 bxc4 47.g4+ Kh4 48.Nf2 Kg3 49.Bc5  1-0

[Event "Balatontourist Open"]
[Site "Budapest HUN"]
[Date "2000.06.19"]
[Round "4"]
[White "Honsch,P"]
[Black "Jamrich,G"]
[Result "0-1"]
[WhiteElo "2011"]
[BlackElo "2188"]

1.d4 d5 2.c4 Nc6 3.cxd5 Qxd5 4.Nf3 e5 5.Nxe5 Nxe5 6.dxe5 Qxe5 7.Nc3 c6 8.Qb3 Nf6
9.g3 Bc5 10.Bf4 Qh5 11.Bg2 O-O 12.O-O Bb6 13.h4 Bg4 14.Rfe1 Be6 15.Qc2 Ng4
16.e3 h6 17.f3 Nf6 18.Qf2 Nd5 19.Ne2 Rad8 20.g4 Qg6 21.Kh2 Qc2 22.Qg3 Nxe3
23.Be5 Rd2 24.Rac1 Qa4 25.Bc3 Rd5 26.Nf4 Rd7 27.Nxe6 fxe6 28.Be5 Rd2 29.Rxe3 Bxe3
30.Qe1 Rxf3 31.Kh1 Qxg4  0-1

[Event "ch-IND Women"]
[Site "Mumbai IND"]
[Date "2000.06.19"]
[Round "12"]
[White "Gokhale,A"]
[Black "Thipsay,B"]
[Result "1/2-1/2"]
[WhiteElo "2197"]
[BlackElo "2247"]

1.d4 d5 2.c4 Nc6 3.e3 e5 4.dxe5 d4 5.exd4 Qxd4 6.Qxd4 Nxd4 7.Bd3 Bg4 8.h3 Bh5
9.Be3 Bb4+ 10.Nd2 O-O-O 11.g4 Bg6 12.Bxg6 hxg6 13.O-O-O Ne7 14.Ndf3 Ne6 15.Ne2 Rxd1+
16.Kxd1 Nc6 17.Kc2 Bc5 18.Bxc5 Nxc5 19.a3 Ne4 20.Rh2 Re8 21.Ned4 Nxe5 22.Nxe5 Rxe5
23.f4 Re8 24.Re2 Kd7 25.Nf3 f6 26.b4 Nd6 27.Rxe8 Kxe8 28.Kd3 Ke7  1/2-1/2

[Event "Australian Masters"]
[Site "Melbourne AUS"]
[Date "2000.07.03"]
[Round "10"]
[White "West,G"]
[Black "Levi,E"]
[Result "1-0"]
[WhiteElo "2372"]
[BlackElo "2258"]

1.d4 d5 2.c4 Nc6 3.e3 Nf6 4.cxd5 Nxd5 5.Nf3 e6 6.Bb5 Bb4+ 7.Nbd2 Ne7 8.O-O O-O
9.Qc2 Qd5 10.Be2 b6 11.Nb3 Bb7 12.a3 Ba5 13.e4 Qd7 14.Rd1 Rad8 15.Be3 Qc8
16.Nc1 b5 17.Bxb5 Bb6 18.Nb3 a6 19.Ba4 f5 20.d5 exd5 21.exd5 Na7 22.Bg5 Nxd5
23.Bxd8 Rxd8 24.Nc5 Ba8 25.Ne5 Rd6 26.Ncd7 Qd8 27.Qxf5 Nb5 28.Bxb5 axb5 29.Nxb6 Rxb6
30.Qf7+ Kh8 31.Rac1 h6 32.Rc5 Rd6 33.Ng6+ Kh7 34.Nf8+ Kh8 35.Ne6 Rxe6 36.Qxe6 c6
37.Rdxd5  1-0

[Event "15th Open"]
[Site "Avoine FRA"]
[Date "2000.07.25"]
[Round "4"]
[White "Geffroy,L"]
[Black "Popescu,DD"]
[Result "1-0"]
[WhiteElo "2228"]
[BlackElo "2353"]

1.d4 d5 2.c4 Nc6 3.Nf3 Bg4 4.cxd5 Bxf3 5.gxf3 Qxd5 6.e3 e5 7.Nc3 Bb4 8.Bd2 Bxc3
9.bxc3 exd4 10.cxd4 Nge7 11.Rc1 Qxa2 12.Bc4 Qa3 13.Rg1 O-O 14.f4 Rad8 15.Rg5 g6
16.Rc5 Nxd4 17.Rc3 Qxc5 18.Bxf7+ Kxf7 19.Rxc5 Ne6 20.Qb3 Rd3 21.Qa2 Rfd8
22.Re5 R8d6 23.Bb4 Ra6 24.Qc4 Rd7 25.Bxe7 Rxe7 26.f5 gxf5 27.Rxf5+ Ke8 28.Re5 Kd7
29.f4 Rc6 30.Qe4 Re8 31.Qxh7+  1-0

[Event "Valoz Cup"]
[Site "Olomouc CZE"]
[Date "2000.08.03"]
[Round "3"]
[White "Wiley,To"]
[Black "Chytilek,R"]
[Result "1-0"]
[WhiteElo "2274"]
[BlackElo "2344"]

1.d4 d5 2.c4 Nc6 3.Nc3 dxc4 4.Nf3 Nf6 5.e4 Bg4 6.Be3 e6 7.Bxc4 Bb4 8.Qd3 O-O
9.Nd2 e5 10.d5 Ne7 11.f3 Bc8 12.a3 Bxc3 13.Qxc3 c6 14.dxc6 Nxc6 15.O-O Qc7
16.b4 Rd8 17.Nb3 Qe7 18.b5 Nb8 19.Rfd1 Rxd1+ 20.Rxd1 Nbd7 21.a4 Nb6 22.Be2 Bd7
23.Ra1 Qd6 24.Nc5 Rc8 25.Qa3 Rc7 26.Nxd7 Qxd7 27.Rd1 Qc8 28.a5 Nbd7 29.Bxa7 Rc3
30.Qb4 h6 31.Bf2 Rc2 32.Bd3 Rc1 33.Rxc1 Qxc1+ 34.Bf1 Qa1 35.a6 b6 36.Qd6  1-0

[Event "TCh-ESP"]
[Site "Barcelona ESP"]
[Date "2000.08.07"]
[Round "3"]
[White "Molina Mansilla,R"]
[Black "Gallego Jimenez,V"]
[Result "0-1"]
[WhiteElo "2320"]
[BlackElo "2341"]

1.d4 d5 2.c4 Nc6 3.Nc3 Nf6 4.cxd5 Nxd5 5.e4 Nxc3 6.bxc3 e5 7.d5 Nb8 8.Rb1 Bd6
9.Bd3 O-O 10.Nf3 Nd7 11.O-O Nc5 12.Bg5 f6 13.Be3 Nxd3 14.Qxd3 f5 15.Rb3 fxe4
16.Qxe4 Bf5 17.Qc4 b6 18.Re1 h6 19.Nd2 e4 20.Nf1 Qh4 21.Qe2 Bg4 22.Qc2 Rae8
23.Bd4 Bd7 24.Qd2 Rf5 25.Ng3 Rh5 26.h3 Rxd5 27.c4 Rg5 28.Be3 Rg6 29.c5 bxc5
30.Bxc5 Ba4 31.Qd5+ Kh7 32.Bxd6 Bxb3 33.axb3 cxd6 34.Nxe4 Re5 35.Qd4 Rge6
36.g3 Rxe4 37.gxh4 Rg6+  0-1

[Event "TCh-ESP"]
[Site "Barcelona ESP"]
[Date "2000.08.08"]
[Round "4"]
[White "Gallego Jimenez,V"]
[Black "Ferron Garcia,C"]
[Result "1-0"]
[WhiteElo "2341"]
[BlackElo "2283"]

1.d4 d5 2.c4 Nc6 3.e3 e5 4.dxe5 d4 5.a3 Bf5 6.Nf3 dxe3 7.Qxd8+ Rxd8 8.Bxe3 Nge7
9.Nc3 Ng6 10.Nb5 Rd7 11.Nfd4 Nxd4 12.Nxd4 Bg4 13.f3 Bh5 14.g4 Nxe5 15.gxh5 Rxd4
16.Bxd4 Nxf3+ 17.Kf2 Nxd4 18.Bg2 Ne6 19.Bxb7 Bc5+ 20.Kf3 O-O 21.b4 Be7 22.Rad1 c5
23.Rd7 Re8 24.Bd5 cxb4 25.Bxe6 fxe6 26.axb4 Bxb4 27.Rxa7 Rc8 28.Rg1 Bf8 29.Rg4 h6
30.Re4 Kh7 31.Rb7 Rc5 32.Rb5 Rc8 33.Rbe5 Bd6 34.Rxe6 Bxh2 35.Kg2 Bb8 36.Re8 Rc7
37.Rxb8 Re7 38.Rh8+  1-0

[Event "FSIMA August"]
[Site "Budapest HUN"]
[Date "2000.08.08"]
[Round "4"]
[White "Yu Mingyuan"]
[Black "Ibanez Terradellas,E"]
[Result "0-1"]
[WhiteElo "2319"]
[BlackElo "2289"]

1.d4 d5 2.c4 Nc6 3.Nf3 Bg4 4.Nc3 e6 5.e3 Nge7 6.Qa4 Bxf3 7.gxf3 a6 8.cxd5 exd5
9.a3 g6 10.Bd2 Bg7 11.Bd3 O-O 12.Qc2 Qd7 13.h4 h5 14.Ne2 Nd8 15.f4 f5 16.Ng1 Ne6
17.Bb4 c5 18.dxc5 Rfc8 19.Nf3 a5 20.Bc3 Rxc5 21.Qb3 a4 22.Qb4 Nc6 23.Bb5 Rc4
24.Bxc6 Qxc6 25.Qe7 Re8 26.Ne5 Bxe5  0-1

[Event "Open"]
[Site "Chania GRE"]
[Date "2000.08.08"]
[Round "7"]
[White "Botsari,A"]
[Black "Georgiou,K"]
[Result "1-0"]
[WhiteElo "2325"]
[BlackElo "2135"]

1.d4 d5 2.c4 Nc6 3.Nc3 e5 4.cxd5 Nxd4 5.e3 Nf5 6.Nf3 f6 7.e4 Nd6 8.Be3 g6
9.Qd2 Bg7 10.Bd3 Qe7 11.Rc1 a6 12.O-O h5 13.Nh4 Kf7 14.f4 Bh6 15.fxe5 Bxe3+
16.Qxe3 Qxe5 17.Nf3 Qe7 18.e5 Ne8 19.Nh4 Rh6 20.Bxg6+ Rxg6 21.e6+  1-0

[Event "Lost Boys Open"]
[Site "Amsterdam NED"]
[Date "2000.08.11"]
[Round "1"]
[White "Epishin,V"]
[Black "Peek,Mar"]
[Result "1-0"]
[WhiteElo "2567"]
[BlackElo "2299"]

1.d4 d5 2.c4 Nc6 3.Nf3 Bg4 4.Nc3 e6 5.cxd5 exd5 6.Bf4 Bd6 7.Nxd5 Bxf4 8.Nxf4 Bxf3
9.gxf3 Qxd4 10.Qxd4 Nxd4 11.O-O-O Rd8 12.e3 Ne6 13.Rd7 Rc8 14.Rd6 Rd8 15.Rxd8+ Nxd8
16.Bh3 Nf6 17.Rd1 Ke7 18.Bc8 b6 19.Nd3 Nc6 20.Bb7 Na5 21.Ba6 Rd8 22.b4 Nc6
23.a3 Rd5 24.Bb7 Rd6 25.f4 Nd8 26.Bf3 Nd7 27.h4 c6 28.Kc2 Ne6 29.Rg1 Kf8
30.Rc1 c5 31.b5 Nc7 32.a4 Ke7 33.Rg1 Rg6 34.Rg5 f6 35.Rg3 Ne8 36.Bg4 Nf8
37.h5 Rh6 38.f5 g6 39.Nf4 Nd6 40.e4 Nc4 41.Be2 Ne5 42.Nd5+ Kd6 43.f4 Ned7
44.Rd3  1-0

[Event "TCh-ESP"]
[Site "Barcelona ESP"]
[Date "2000.08.12"]
[Round "8"]
[White "Lopez Martinez,J"]
[Black "Gallego Jimenez,V"]
[Result "0-1"]
[WhiteElo "2477"]
[BlackElo "2341"]

1.d4 d5 2.c4 Nc6 3.Nf3 Bg4 4.cxd5 Bxf3 5.gxf3 Qxd5 6.e3 e5 7.Nc3 Bb4 8.Bd2 Bxc3
9.bxc3 exd4 10.cxd4 Nge7 11.Bd3 O-O-O 12.Be4 Qe6 13.Qb3 Nd5 14.Rb1 b6 15.Rc1 Kb7
16.Rc5 Nce7 17.O-O f5 18.Bd3 Qg6+ 19.Kh1 Qh5 20.Be2 Rd6 21.Rg1 Rhd8 22.Rcc1 Rg6
23.Qc4 Qh4 24.Rg3 Rdd6 25.f4 Rxg3 26.fxg3 Qf6 27.Bf3 c6 28.Qa4 Qe6 29.Re1 Nf6
30.Bb4 Rd7 31.Bxe7 Rxe7 32.Kg2 Ne4 33.Qc2 Qd5 34.Rc1 Re6 35.Qa4 Re7 36.Qc2 Re6
37.Qa4 h6 38.Qc2 g5 39.h3 gxf4 40.exf4 Qxd4 41.Rd1 Qg7 42.Qa4 Qxg3+  0-1

[Event "TCh-ESP"]
[Site "Barcelona ESP"]
[Date "2000.08.13"]
[Round "9"]
[White "Ramon Perez,J"]
[Black "Olea Perez,M"]
[Result "1/2-1/2"]
[WhiteElo "2274"]
[BlackElo "2201"]

1.d4 d5 2.c4 Nc6 3.Nf3 Bg4 4.cxd5 Bxf3 5.gxf3 Qxd5 6.e3 e5 7.Nc3 Bb4 8.Bd2 Bxc3
9.bxc3 exd4 10.cxd4 Nge7 11.Bd3 Qh5 12.f4 Qh3 13.Be4 Qe6 14.Bg2 Nxd4 15.Bxb7 Rb8
16.Bg2 O-O 17.O-O Ndf5 18.Qg4 Rfd8 19.Ba5 Rd7 20.Rac1 c6 21.Rfd1 Rxd1+ 22.Rxd1 Qxa2
23.Bc3 Qc2 24.Be5 Rb1 25.Rxb1 Qxb1+ 26.Bf1 Ng6 27.Qg2 Nxe5 28.fxe5 Qc2 29.Qg5 h6
30.Qd8+ Kh7 31.Qd7 Qe4 32.h3 Qxe5 33.Bd3 g6 34.Qxa7  1/2-1/2

[Event "4th ch-Arab"]
[Site "Beirut LEB"]
[Date "2000.08.14"]
[Round "9"]
[White "Mohammad,S"]
[Black "Al Modiahki,M"]
[Result "0-1"]
[WhiteElo "2287"]
[BlackElo "2499"]

1.d4 d5 2.c4 Nc6 3.Nc3 dxc4 4.Nf3 Nf6 5.e4 Bg4 6.Be3 e6 7.Bxc4 Bb4 8.Qc2 O-O
9.a3 Bxf3 10.gxf3 Nxd4 11.Qd1 Bxc3+ 12.bxc3 Nc6 13.Qc2 Nh5 14.Rb1 b6 15.Rb5 Qf6
16.Rg1 Ne5 17.Bg5 Nxf3+ 18.Kd1 Qg6 19.Rg4 c5 20.Be2 Nxg5 21.h4 Rad8+ 22.Ke1 Nf6  0-1

[Event "ch-ESP"]
[Site "Barcelona ESP"]
[Date "2000.08.26"]
[Round "8"]
[White "Oms Pallise,J"]
[Black "Ferron Garcia,C"]
[Result "1-0"]
[WhiteElo "2430"]
[BlackElo "2283"]

1.d4 d5 2.c4 Nc6 3.Nf3 e5 4.Nc3 Bb4 5.Nxe5 Nxe5 6.dxe5 Bxc3+ 7.bxc3 dxc4
8.Qxd8+ Kxd8 9.e4 b5 10.Rb1 a6 11.Be3 Bd7 12.g3 Bc6 13.Bg2 Kc8 14.O-O Kb7
15.f4 Rd8 16.Bd4 Ne7 17.f5 Nc8 18.a4 Rhe8 19.axb5 axb5 20.g4 Rd7 21.g5 Nb6
22.Rf4 Red8 23.Bh3 Rxd4 24.cxd4 Rxd4 25.f6 gxf6 26.e6 fxe6 27.gxf6 Nd7 28.Bxe6 Nf8
29.Bd5 Bxd5 30.Rxb5+ Kc6 31.Rxd5 Rxd5 32.exd5+ Kxd5 33.Kf1 c3 34.Ke2 Ke6
35.f7 Ke7 36.Kd3 Ne6 37.Rf2 Kf8 38.Rf5 Nd8 39.Rh5 Nxf7 40.Rxh7 Ke7 41.Kxc3 Kf6
42.Kd4 Ng5 43.Rh6+ Kf5 44.Ke3 Kg4 45.Rc6 Kh3 46.Kf4 Nf7 47.Rxc7 Nd8 48.Kf5  1-0

[Event "ch-ESP"]
[Site "Barcelona ESP"]
[Date "2000.08.26"]
[Round "8"]
[White "Merino Garcia,R"]
[Black "Olea Perez,M"]
[Result "1/2-1/2"]
[WhiteElo "2322"]
[BlackElo "2201"]

1.d4 d5 2.c4 Nc6 3.cxd5 Qxd5 4.e3 e5 5.Nc3 Bb4 6.Bd2 Bxc3 7.Bxc3 exd4 8.Ne2 Nge7
9.Nxd4 Nxd4 10.Qxd4 Qxd4 11.Bxd4 O-O 12.Be2 Be6 13.O-O Rfd8 14.g4 Nd5 15.a3 Nf4
16.Bf3 Bd5 17.Bxd5 Ne2+ 18.Kg2 Rxd5 19.Bxa7 Rxa7 20.Rad1 Rxd1 21.Rxd1 Kf8
22.Ra1 Ra6 23.Re1 Nc3 24.bxc3 Rxa3 25.Rc1 Ke7 26.Kf3 Ke6 27.h3 b5 28.Ke4 Ra4+
29.Kd3 Kd5 30.Rb1 c6 31.f3 Ra2 32.h4 Rf2 33.f4 Rg2 34.g5 Ra2 35.h5 Ra4 36.Rd1 Re4
37.Ra1 Re7 38.Ra8 f6 39.gxf6 gxf6 40.e4+ Kd6 41.h6 Rd7 42.Re8 Kc5+ 43.Kc2 Kc4
44.Re6 c5 45.e5 fxe5 46.Rxe5 Rd6 47.Re4+ Kd5 48.Re5+ Kc6 49.Rh5 Rf6 50.Rh4 Rg6
51.Rh3 c4 52.Kd2 Rd6+ 53.Ke2 b4 54.cxb4 Kb5 55.Rh1 Kxb4 56.Rb1+ Kc3 57.Ke3 Re6+
58.Kf3 Rxh6 59.Ke4 Kc2 60.Rb7 c3 61.Ke5 Kd1 62.Rd7+ Kc1 63.f5 Rh2 64.f6 c2
65.f7 Rf2 66.Ke6 Kb2 67.Rb7+ Kc3 68.Rc7+ Kd2 69.Rd7+  1/2-1/2